| 000 | 00788nam a2200265Ia 4500 | ||
|---|---|---|---|
| 003 | OSt | ||
| 005 | 20221005040752.0 | ||
| 006 | a|||||r|||| 00| 0 | ||
| 007 | ta | ||
| 008 | 221004b |||||||| |||| 00| 0 hin d | ||
| 020 |
_a8183150470 (hbk) _c450 |
||
| 024 | _a89535 | ||
| 037 |
_b1272, 22/03/2007, Vidyanidhi Prakashan _cTextual |
||
| 040 |
_aCRL _cCRL _bhin |
||
| 041 |
_2hin _ahin |
||
| 082 | _aQ4, 152P6.1 | ||
| 100 |
_aSharma Satya Prakash Ed. _939162 |
||
| 245 | 0 | _aBodh pragya sindhu | |
| 260 |
_aDelhi _bNew Bhartiya Book Corporation India _c2006 |
||
| 300 |
_a276p. _ccm. |
||
| 650 | _a BUDDHISM | ||
| 650 | _aRELIGION | ||
| 942 |
_hQ4, 152P6.1 _cTEXL _2cc |
||
| 999 |
_c947438 _d947438 |
||